000 00880nam a2200253Ia 4500
003 OSt
005 20220923224847.0
006 a|||||r|||| 00| 0
007 ta
008 220922b |||||||| |||| 00| 0 hin d
024 _a252,426
037 _cTextual
040 _aARTS
_cARTS
_bhin
041 _2hin
_ahin
082 _aL:55, 152[Q1]
100 _aदुबे, चन्द्र प्रकाश
_9158533
245 0 _aआरोग्य विज्ञान तथा जन स्वास्थ्य
246 _aĀrogya vijnyān tathā jan swāsthya
260 _aरोहतक
_b नाथ पुस्तक
_c2011
300 _a652पृ.
_ccm.
650 _aचिकित्सा शास्त्र
_9156276
942 _hL:55, 152[Q1]
_cTEXL
_2CC
999 _c374180
_d374180